Statistics for Top 10 Largest Cities In Alabama

Click here to take the quiz!

General Stats

  • This quiz has been taken 159 times
  • The average score is 7 of 10

Answer Stats

RankCity% Correct
1Birmingham
96%
2Montgomery
93%
3Mobile
87%
4Huntsville
83%
5Tuscaloosa
76%
7Dothan
55%
9Auburn
54%
6Hoover
50%
8Decatur
36%
10Madison
28%

Score Distribution

Percentile by Number Answered

Percent of People with Each Score

Your Score History

You have not taken this quiz